Normal view
MARC view
Entry Término temático
001 - NÚMERO DE CONTROL
- campo de control: 166235
003 - IDENTIFICADOR DEL NÚMERO DE CONTROL
- campo de control: OSt
005 - FECHA Y HORA DE LA ÚLTIMA TRANSACCIÓN
- campo de control: 20220127160932.0
008 - DATOS DE LONGITUD FIJA
- campo de control de longitud fija: 220127|| aca||aabn | a|a d
040 ## - FUENTE DE LA CATALOGACIÓN
- Centro catalogador/agencia de origen: OSt
- Centro/agencia transcriptor: OSt
150 ## - ENCABEZAMIENTO--TÉRMINO DE MATERIA
- Término de materia o nombre geográfico como elemento de entrada: Malas hierbas
- Subdivisión general: Valle de México Malas hierbas
- Subdivisión general: Control Herbicidas Alachlor
670 ## - FUENTE DE DATOS ENCONTRADOS
- Cita de la fuente: Work cat.: (OSt)201333: Rodríguez Monroy, José de Jesús 98710, Susceptibilidad de las principales malas hierbas del Valle de México a cinco herbicidas (Alachlor, Dacthal, Difenamida, metolachlor y trifluralina) de uso común en México /
